| 000 | 00637nam a2200217 i 4500 | ||
|---|---|---|---|
| 001 | 85911 | ||
| 003 | ES-MaACL | ||
| 005 | 20250728180145.0 | ||
| 007 | t| | ||
| 008 | 041202s1971 sp ||||1| cat d | ||
| 100 | 0 |
_aKafka, Franz, _d1883-1924 _967400 |
|
| 245 | 1 | 3 |
_aEl castell / _cFranz Kafka ; traducció de l'alemany por Lluis Solá. |
| 250 | _a[1ª ed.]. | ||
| 260 |
_aBarcelona : _bProa, _c1971. |
||
| 300 |
_a323 p. ; _c17 cm. |
||
| 490 | 1 | _aA tot vent | |
| 700 | 1 |
_aSolà i Dachs, Lluís, _d1932- _9107045 |
|
| 830 | 0 |
_aA tot vent _9180884 |
|
| 852 |
_aES-MaACL _jC-40878 _bR.77052 |
||
| 999 |
_c85911 _d85911 |
||